| 000 | 00449nam a2200169 a 4500 | ||
|---|---|---|---|
| 005 | 20231101063621.0 | ||
| 008 | 991125s1991 mx 000 0 spa u | ||
| 035 | _aUPN01000004972 | ||
| 049 | _aCG | ||
| 050 | 4 |
_aPQ7298.14 E4 _bA8 |
|
| 100 | 1 | _aDelaval, Alicia | |
| 245 | 1 | 0 |
_aAugurio de gaviotas o ni un soneto / _cAlicia Delaval. |
| 260 |
_aVillahermosa : _bUJAT, _c1991. |
||
| 300 | _a113 p. | ||
| 650 | 4 |
_aPoesÃa mexicana _91273 |
|
| 905 | _aLibro | ||
| 999 |
_c4972 _d4972 |
||